Collected poems /

Bibliographic Details
Main Author: Gascoyne, David, 1916-2001
Format: Book
Language:English
Published: London, New York : Oxford University Press, [1965]

MARC

Tag First Indicator Second Indicator Subfields
LEADER 00000cam a2200000 4500
001 in00000025202
005 20181126103811.0
008 720726s1965 enk 00000 eng
010 |a  65006210  
035 |a (OCoLC)00365385 
035 |9 AAD1178AM 
040 |a DLC  |c WSU  |d TXA  |d UtOrBLW 
049 |a TXAM  |c [468903] 
050 0 |a PR6013  |b .A75 1965 
092 |a 821  |b G247c 
100 1 |a Gascoyne, David,  |d 1916-2001. 
245 1 0 |a Collected poems /  |c Edited with an introd. by Robin Skelton. 
264 1 |a London,  |a New York :  |b Oxford University Press,  |c [1965] 
300 |a xviii, 163 pages ;  |c 23 cm. 
336 |a text  |b txt  |2 rdacontent 
337 |a unmediated  |b n  |2 rdamedia 
338 |a volume  |b nc  |2 rdacarrier 
999 |a MARS 
999 f f |s b8ca4532-edd2-33d2-8580-688d8a175a13  |i abbc059f-c9dd-30a2-abd0-b50e86614ef0  |t 0 
952 f f |p normal  |a Texas A&M University  |b College Station  |c Sterling C. Evans Library  |s Evans stk  |d Evans: Library Stacks  |t 0  |e PR6013 .A75 1965  |h Library of Congress classification  |i unmediated -- volume  |m A14801279887 
998 f f |a PR6013 .A75 1965  |t 0  |l Evans: Library Stacks